Opera Omnia (Record no. 107040)

MARC details
000 -LEADER
campo de control de longitud fija 01739ncm a2200277 i 4500
001 - NÚMERO DE CONTROL
campo de control 107040
003 - IDENTIFICADOR DE NÚMERO DE CONTROL
campo de control ES-MaACL
005 - FECHA Y HORA DE LA ÚLTIMA TRANSACCIÓN
campo de control 20251003185426.0
007 - CAMPO FIJO DE DESCRIPCIÓN FÍSICA--INFORMACIÓN GENERAL
campo de control de longitud fija t|
008 - DATOS DE LONGITUD FIJA--INFORMACIÓN GENERAL
campo de control de longitud fija 061121s1971 it ||| r||||||||1| spa d
100 0# - ENTRADA PRINCIPAL--NOMBRE DE PERSONA
Nombre de persona Morales, Cristóbal de,
Fechas asociadas al nombre 1500-1553
9 (RLIN) 82979
245 10 - MENCIÓN DEL TÍTULO
Título Opera Omnia
Resto del título : vol.VIII Motetes LI-LXXV [
Medio Música impresa] /
Mención de responsabilidad, etc. Cristobal Morales; transcripción de Higinio Anglés.
260 ## - PUBLICACIÓN, DISTRIBUCIÓN, ETC.
Lugar de publicación, distribución, etc. Roma :
Nombre del editor, distribuidor, etc. Escuela Española de Historia y Arqueología,
Fecha de publicación, distribución, etc. 1971.
300 ## - DESCRIPCIÓN FÍSICA
Extensión 1 partitura (28, [2], 134 p.). ;
Dimensiones 32 cm.
490 1# - MENCIÓN DE SERIE
Mención de serie Monumentos de la música española ;
Designación de volumen o secuencia 34
500 ## - NOTA GENERAL
Nota general Con: Estudio musicológico y anotaciones críticas, y reprod. facsímil de las obras, en diferentes ediciones.
505 8# - NOTA DE CONTENIDO CON FORMATO
Nota de contenido con formato Contiene: Domine Deus, Agnus Dei ; At illi dixerunt ; Asperges me, Domine ; Vidi aquam ; Ad tantae Nativitatis invitemur laetitia ; Simile est regnum coelorum ; In illo tempore : cum turba plurima ; Peccantem me quotidie ; Vae, Babylon, civitas magna ; In illo tempore : assumpsit Iesus ; Vigilate et orate ; Inclina, Domine, aurem tuam ; Salve, Regina ; Apostole Christi Iacobe ; Sacerdos et pontifex ; Qui consolabatur me ; Emendemus in melius ; Spem in alium nunquam habui ; Circumdederunt me gemitus mortis ; Manus tuae, Domine ; Regina coeli, laetare ; Andreas Christi famulus. Apéndice : Virgo Maria ; Descendit Angelus ; Manus tuae, Domine
650 #4 - PUNTO DE ACCESO ADICIONAL DE MATERIA--TÉRMINO DE MATERIA
Término de materia o nombre geográfico como elemento de entrada Motetes.
9 (RLIN) 170306
650 #4 - PUNTO DE ACCESO ADICIONAL DE MATERIA--TÉRMINO DE MATERIA
Término de materia o nombre geográfico como elemento de entrada Coros religiosos.
9 (RLIN) 167477
700 1# - ENTRADA AGREGADA--NOMBRE PERSONAL
Nombre de persona Anglés, Higinio,
Fechas asociadas al nombre 1888-1969
9 (RLIN) 21747
710 2# - ENTRADA AGREGADA--NOMBRE DE ENTIDAD CORPORATIVA
Nombre de entidad corporativa o nombre de jurisdicción como elemento de entrada Escuela Española de Historia y Arqueología en Roma.
9 (RLIN) 165844
830 1# - PUNTO DE ACCESO ADICIONAL DE SERIE-TÍTULO UNIFORME
Título uniforme Monumentos de la música española ;
Designación de volumen o secuencia 34
9 (RLIN) 181762
852 4# - LOCALIZACIÓN
Ubicación ES-MaACL
Número de control de estantería C-55017
942 ## - ELEMENTOS DE ENTRADA SECUNDARIOS (KOHA)
Fuente del sistema de clasificación o colocación Clasificación decimal universal
Holdings
Estatus retirado Estado de pérdida Estado de daño No para préstamo Colección Biblioteca de origen Biblioteca actual Ubicación en estantería Fecha de adquisición Fuente de adquisición Total de préstamos Signatura topográfica completa Código de barras Visto por última vez Precio de reemplazo Tipo de ítem Koha
        Música impresa Biblioteca del Ateneo de Madrid Biblioteca del Ateneo de Madrid Depósito 2 17/01/2008     C-55017 1111723 23/02/2023 23/02/2023 Partitura